000 00571nam a22001937a 4500
008 151021b xxu||||| |||| 00| 0 eng d
020 _a0314777873
020 _a031477789X (international ed.)
041 0 _aeng
080 _a658.3
100 1 _aSchuler, Randall S.
245 1 0 _aPersonnel and human resource management /
_cRandall S. Schuler.
250 _a2nd ed.
260 _aSt. Paul :
_bWest Pub. Co.,
_cc1984.
300 _axiii, 700 f. :
_bme il.;
_c26 cm.
650 0 _aMenaxhimi i personelit
650 0 _aMenaxhimi i burimeve njerëzore
942 _2udc
_cBK
999 _c1324
_d1324